| 000 | 01575cam a2200445 i 4500 | ||
|---|---|---|---|
| 003 | PE-LiUPU | ||
| 005 | 20250731173421.0 | ||
| 020 | _a0789905213 | ||
| 035 | _a(Sirsi) i9780789905215 | ||
| 035 | _a(Sirsi) 47297 | ||
| 035 | _a(Sirsi) 47297 | ||
| 041 | _aes | ||
| 044 | _aus | ||
| 082 | 0 | 4 |
_a254.7 _bL14 |
| 100 | 1 | _aLadson, K. | |
| 245 |
_aManual de diseño y construcción de templos / _cLadson K. Saylor. |
||
| 264 | 1 |
_aMiami, Florida : _bUnilit, _c1999 |
|
| 300 |
_a168 páginas ; _c28 cm. |
||
| 505 | 0 | _a"Si Jehová no edificaré la casa" -- El comienzo -- Ayuda profesional -- Desarrollando el plan maestro -- Seleccionando el sitio -- Una palabra acerca de la arquitecura eclesiástica -- El programa final de diseño -- Estructuras básicas y mat | |
| 526 | _aSEG42 | ||
| 526 | _aSEG41 | ||
| 526 | _aSEG40 | ||
| 526 | _aSEG39 | ||
| 526 | _aP94 | ||
| 526 | _aP87 | ||
| 526 | _aP86 | ||
| 526 | _aP85 | ||
| 526 | _aP77 | ||
| 526 | _aP76 | ||
| 526 | _aP35 | ||
| 650 | 1 | 4 |
_aTemplos _xConstrucción |
| 650 | 1 | 4 | _aFinanzas de iglesia |
| 942 |
_2ddc _cBOOK |
||
| 949 |
_a254.7 L14 _i64948 _lCCODEBUL1 _mBUL _tLIBRO _o.STAFF. Colección General |
||
| 859 |
_q64948 _h254.7 _iL14 |
||
| 910 |
_agl _bjv _clch _d20120625 |
||
| 596 | _a1 | ||
| 999 |
_a254.7 L14 _wDEWEY _c53657 _i64948 _d53657 _e2019-8-13 _f2021-11-10 _g5 _lCCODEBUL1 _mBUL _n4 _p18.00 _q2 _r0 _sY _tBOOK _u2015-7-6 _xTEOLOGIA _PP35 _0COMPRA _o.STAFF. Colección General |
||
| 980 |
_81 _gALBERTO SANCHEZ Responsable de Automatización |
||